| 000 | 00401nam a22001457a 4500 | ||
|---|---|---|---|
| 082 |
_a631.45 _bKAV |
||
| 100 | _aKavitha M.N | ||
| 245 | _aRecharge and Discharge Studies in laterite soils | ||
| 260 |
_aTavanur _bDepartment of LWRCE _c2005 |
||
| 700 | _aLuiz, Sanfred Joseph | ||
| 700 | _aSini K | ||
| 700 | _aSathian K K | ||
| 856 | _uhttp://192.168.1.14:8080/xmlui/handle/123456789/14 | ||
| 942 | _cPR | ||
| 999 |
_c14058 _d14058 |
||